Дело о передаче Аагофскому приходскому евангелическо-лютеранскому училищу и Шванебургской мужской приходской евангелическо-лютер...

Доступно только в Электронных читальных залах Найти на картеНа карте
RUSMARC
00003852nmc2a22000003x 450
0015119ef26-254f-484f-938d-be55ce95b89a
00520201224104518.0
100##$a20190724l18921898k l0rusy0189 ca
1010#$arus
102##$aRU
2001#$aДело о передаче Аагофскому приходскому евангелическо-лютеранскому училищу и Шванебургской мужской приходской евангелическо-лютеранской школе Лифляндской губернии школьных кистерских земель
$j7 декабря 1892 г. - 2 июня 1898 г.
251##$cДело
300##$aДело
801#0$aRU
$bРГИА
$c20190724
$gRCR
801#1$aRU
$bГлавНИВЦ
$c20190724
$2rusmarc
801#2$aRU
$bПБ им. Б.Н. Ельцина
$c20201224
$gRCR
$2rusmarc
850##$aРГИА
852##$aРГИА
$eФедеральное казенное учреждение "Российский государственный исторический архив" (РГИА)
$j325
937##$hРГИА
$d12307989
$aASBIBLIO_SCAN
462#0$1001b92bb9f0-9274-4a14-a5f0-ac7081e69216
$12001
$aДела разряда учительских семинарий и начальных училищ Департамента народного просвещения за 1891-1904 гг
$1251
$cОпись
$1852
$j172
461#0$1001a74412a3-3cc5-4d21-8f0a-dfe2fbd9e72d
$12001
$aДепартамент народного просвещения Министерства народного просвещения (1803-1917)
$1251
$cФонд
$1852
$j733
215##$a41 л.
$d36,5х26 см
371##$aДокумент не является опубликованным и широко распространяемым
105##$ay###
1222#$ad
035##$a5119ef26-254f-484f-938d-be55ce95b89a
856##$uhttp://readingroom.main.prlib.ru/item.aspx?id_node=n152943001&mode=full
Формат отображения